00335nam a2200121Ia 4500008004100000082002100041100001300062245002400075260005500099365001100154630002400165730002400189100415s9999 xx 000 0 und d b11204a598.2(42) aHume Rob aA Year of bird life aBEDFORDSHIREc1985bTHE ROYAL SOCIETY FOR THE PROT b212.85 aA Year of bird life aA Year of bird life